000 00321nam a2200133 i 4500
001 bg
100 1 _aVOROZILOV, J. W.
245 0 _aVvedenie w teoriju elementarnych castic /
_cJ.W. Worozilow.
260 _aMoskwa,
_c1972.
040 _cBPK
041 _apol
942 _cKS
008 s pl f |000 0 pol
999 _c14364
_d14364
856 _uhttp://koha.tu.koszalin.pl/cgi-bin/koha/opac-detail.pl?biblionumber=14364
_yKatalog online BPK